El Mandril de Madame Blavatsky (Record no. 11231)

MARC details
000 -LEADER
campo de control de longitud fija 00809nam a2200265 i 4500
001 - NÚMERO DE CONTROL
campo de control 11231
003 - IDENTIFICADOR DE NÚMERO DE CONTROL
campo de control ES-MaACL
005 - FECHA Y HORA DE LA ÚLTIMA TRANSACCIÓN
campo de control 20250728100639.0
007 - CAMPO FIJO DE DESCRIPCIÓN FÍSICA--INFORMACIÓN GENERAL
campo de control de longitud fija t|
008 - DATOS DE LONGITUD FIJA--INFORMACIÓN GENERAL
campo de control de longitud fija 960325s1995 sp ||||1| spa d
020 ## - NÚMERO INTERNACIONAL ESTÁNDAR DEL LIBRO
Número Internacional Estándar del Libro 84-233-2589-X
080 ## - NÚMERO DE LA CLASIFICACIÓN DECIMAL UNIVERSAL
Número de la Clasificación Decimal Universal 141.332(091)
100 1# - ENTRADA PRINCIPAL--NOMBRE DE PERSONA
Nombre de persona Washington, Peter.
9 (RLIN) 116148
245 13 - MENCIÓN DEL TÍTULO
Título El Mandril de Madame Blavatsky
Resto del título : historia de la teosofía y del gurú occidental /
Mención de responsabilidad, etc. Peter Washington.
250 ## - MENCION DE EDICION
Mención de edición 1ª ed.
260 ## - PUBLICACIÓN, DISTRIBUCIÓN, ETC.
Lugar de publicación, distribución, etc. Barcelona :
Nombre del editor, distribuidor, etc. Destino,
Fecha de publicación, distribución, etc. 1995.
300 ## - DESCRIPCIÓN FÍSICA
Extensión 448 p., [16] p. de lám. ;
Dimensiones 23 cm.
490 1# - MENCIÓN DE SERIE
Mención de serie Oráculo manual ;
Designación de volumen o secuencia 2
500 ## - NOTA GENERAL
Nota general Indices.
504 ## - NOTA DE BIBLIOGRAFÍA, ETC.
Nota de bibliografía, etc. Bibliografía : p. 419-429.
650 #7 - PUNTO DE ACCESO ADICIONAL DE MATERIA--TÉRMINO DE MATERIA
Término de materia o nombre geográfico como elemento de entrada Teosofía
Fuente del encabezamiento o término embne
9 (RLIN) 17478
830 0# - PUNTO DE ACCESO ADICIONAL DE SERIE-TÍTULO UNIFORME
Título uniforme Oráculo manual ;
Designación de volumen o secuencia 2
9 (RLIN) 228184
852 ## - LOCALIZACIÓN
Ubicación ES-MaACL
Número de control de estantería L-18626
Sublocalización o colección R.124874
Holdings
Estatus retirado Estado de pérdida Estado de daño No para préstamo Biblioteca de origen Biblioteca actual Ubicación en estantería Fecha de adquisición Fuente de adquisición Total de préstamos Signatura topográfica completa Código de barras Visto por última vez Precio de reemplazo Tipo de ítem Koha
        Biblioteca del Ateneo de Madrid Biblioteca del Ateneo de Madrid Depósito 2 17/01/2008     L-18626 1011453 23/02/2023 23/02/2023 Libro impreso